000 00866nam a2200253Ia 4500
003 OSt
005 20221005112535.0
006 a|||||r|||| 00| 0
007 ta
008 221004b |||||||| |||| 00| 0 pan d
020 _c500
024 _a104371
037 _b7830/III/A, 31/01/2011, Arsee Publishers
_cTextual
040 _aCRL
_cCRL
_bpan
041 _2pan
_apan
082 _aO153,3:g, Q0
100 _aਜਸਪਾਲ ਸਿੰਘ
245 0 _aਪੰਜਾਬੀ ਨਾਵਲ ਅਤੇ ਸਭਿਆਚਾਰ ਰੂਪਾਂਤਰਣ
260 _aਚੰਡੀਗੜ
_bਲੋਕਗੀਤ ਭਾਰਤ
_c2010
300 _a184ਪੰ
_ccm.
650 _aਪੰਜਾਬੀ ਸਾਹਿਤ
942 _hO153,3:g, Q0
_cTEXL
_2cc
999 _c1025202
_d1025202